• 首页
  • 本馆介绍
  • 公告通知
  • 最新文献
  • 馆藏检索
  • 电子资源
  • 读者导购
  • 参考咨询
  • 我的图书馆
  • 登录
  • 详细信息显示
  • 放入我的书架
  • 预约/预借图书
  • 作者相关作品
  • 分类相关作品
  • 丛书相关作品
  • 出版社相关作品

书目信息

  • 表格格式
  • 工作单格式
  • 卡片格式
题名:
无机和分析化学实验
    
 
作者: 刘翠格 , 杨述韬 主编
分册:  
出版信息: 北京   化学工业出版社  2010.7
页数: 183页
开本: 26cm
丛书名:
单 册:
中图分类: O61-33 , O652.1
科图分类:
主题词: 无机化学--实验--高等学校--教材 , 分析化学--实验--高等学校--教材 , 无机化学 , 分析化学
电子资源:
ISBN: 978-7-122-08190-2
000 01025nam0 2200301 45
001 1360579312
005 20130530170508.25
010    @a978-7-122-08190-2@dCNY24.00
100    @a20130513d2010 em y0chiy0110 ea
101 0  @achi
102    @aCN@b110000
105    @aak z 000yy
106    @ar
200 1  @a无机和分析化学实验@AWu Ji He Fen Xi Hua Xue Shi Yan@f刘翠格,杨述韬主编@FLiu Cui Ge, Yang Shu Tao Zhu Bian
210    @a北京@c化学工业出版社@d2010.7
215    @a183页@c图@d26cm
300    @a高等学校教材
330    @a本书分基本知识;无机化学实验;分析化学实验;有机化学基础实验四章。内容包括:实验须知、实验室常规仪器和装置、实验数据的记录与处理、基本操作实验等。
606 0  @a无机化学@x实验@x高等学校@j教材
606 0  @a分析化学@x实验@x高等学校@j教材
606 0  @a无机化学
606 0  @a分析化学
690    @aO61-33@v5
690    @aO652.1@v5
701  0 @a刘翠格@ALiu Cui Ge@4主编
701  0 @a杨述韬@AYang Shu Tao@4主编
801    @aCN@bTANGWEI@c20130523
905    @b0835737-39@dO61-33@e150@f3
    
    无机和分析化学实验/刘翠格,杨述韬主编.-北京:化学工业出版社,2010.7
    183页:图;26cm
    高等学校教材
    
    ISBN 978-7-122-08190-2:CNY24.00
    本书分基本知识;无机化学实验;分析化学实验;有机化学基础实验四章。内容包括:实验须知、实验室常规仪器和装置、实验数据的记录与处理、基本操作实验等。
●
相关链接 在E读中查询图书 在五车中查询图书 在当当中查询图书 在豆瓣中查询图书


正题名:无机和分析化学实验     索取号:O61-33/150         预约/预借

序号 登录号 条形码 馆藏地/架位号 状态 备注
1 0835737   208357375   第二样本阅览室/ [索取号:O61-33/150] 在馆    
2 0835738   208357384   密集书库-化学系/ [索取号:O61-33/150] 在馆    
3 0835739   208357393   第三借阅区/ [索取号:O61-33/150] 在馆    
唐山师范学院图书馆 欢迎您!
大连网信软件有限公司© 版权所有